| 000 | 00336 a2200109 4500 | ||
|---|---|---|---|
| 020 | _a0534380263 | ||
| 082 | _a620.112 PYT | ||
| 100 | _aPytel, Andrew. | ||
| 245 |
_aMechanics of materials / _cAndrew Pytel, Jaan Kiusalaas. |
||
| 260 |
_aAustralia ; _aPacific Grove, CA : _bThomson, _cc2003. |
||
| 300 |
_axiv, 545 p. : _bill. ; _c26 cm. |
||
| 650 | _aStrength of materials. | ||
| 999 |
_c2205 _d2205 |
||